书目信息 |
| 题名: |
建筑无源制冷和低能耗制冷
|
|
| 作者: | 刘令湘 编译 | |
| 分册: | ||
| 出版信息: | 北京 中国建筑工业出版社 2011.05 |
|
| 页数: | 13, 134页 | |
| 开本: | 26cm | |
| 丛书名: | 建筑节能低碳最新技术丛书 | |
| 单 册: | ||
| 中图分类: | TU831.3 | |
| 科图分类: | ||
| 主题词: | 空气调节系统--kong qi diao jie xi tong--制冷系统 | |
| 电子资源: | ||
| ISBN: | 978-7-112-12949-2 | |
| 000 | 01075nam 2200265 450 | |
| 001 | CAL 012011150711 | |
| 005 | 20150424163057.14 | |
| 010 | @a978-7-112-12949-2@dCNY58.00 | |
| 100 | @a20110622d2011 em y0chiy0121 ea | |
| 101 | 0 | @achi |
| 102 | @aCN@b110000 | |
| 105 | @aak z 000yy | |
| 200 | 1 | @a建筑无源制冷和低能耗制冷@Ajian zhu wu yuan zhi leng he di neng hao zhi leng@f刘令湘编译 |
| 210 | @a北京@c中国建筑工业出版社@d2011.05 | |
| 215 | @a13, 134页@c图 (部分彩图)@d26cm | |
| 225 | 2 | @a建筑节能低碳最新技术丛书@Ajian zhu jie neng di tan zui xin ji shu cong shu |
| 312 | @a英文并列题名取自封面 | |
| 330 | @a本书主要介绍了无源制冷的基本知识,最新发展动态、趋势和前景,分析了基于建筑物的热力学特性分析主要方法的有效性、基本原理以及适用建筑类型和标准条件。 | |
| 410 | 0 | @12001 @a建筑节能低碳最新技术丛书 |
| 510 | 1 | @aPassive and low energy cooling technologies in building@zeng |
| 606 | 0 | @a空气调节系统@Akong qi diao jie xi tong@x制冷系统 |
| 690 | @aTU831.3@v5 | |
| 701 | 0 | @a刘令湘@Aliu ling xiang@4编译 |
| 801 | 0 | @aCN@c20110610 |
| 905 | @dTU831.3@eL640@f5 | |
| 建筑无源制冷和低能耗制冷/刘令湘编译.-北京:中国建筑工业出版社,2011.05 |
| 13, 134页:图 (部分彩图);26cm.-(建筑节能低碳最新技术丛书) |
| ISBN 978-7-112-12949-2:CNY58.00 |
| 本书主要介绍了无源制冷的基本知识,最新发展动态、趋势和前景,分析了基于建筑物的热力学特性分析主要方法的有效性、基本原理以及适用建筑类型和标准条件。 |
| ● |
| 相关链接 |
|
|
|
正题名:建筑无源制冷和低能耗制冷
索取号:TU831.3/L640
 
预约/预借
| 序号 | 登录号 | 条形码 | 馆藏地/架位号 | 状态 | 备注 |
| 1 | 1014756 | 210147562 | 建筑库201/201建筑库 82排1列5层/ [索取号:TU831.3/L640] | 在馆 | |
| 2 | 1014757 | 210147571 | 能源与建筑环境工程学院资料室/101建筑库 78排2列3层/ [索取号:TU831.3/L640] | 在馆 | |
| 3 | 1014758 | 210147580 | 能源与建筑环境工程学院资料室/101建筑库 78排2列3层/ [索取号:TU831.3/L640] | 在馆 | |
| 4 | 1014759 | 210147599 | 建筑库201/201建筑库 82排1列5层/ [索取号:TU831.3/L640] | 在馆 | |
| 5 | 1014760 | 210147606 | 建筑库201/201建筑库 82排1列5层/ [索取号:TU831.3/L640] | 在馆 | |
| 6 | 496463 | 204964636 | 能源与建筑环境工程学院资料室/ [索取号:TU831.3/L640] | 在馆 |